LDR 00954naa#a2200193#i#450# 001 RU\\bibl\120432 005 20260418085634.6 011 ## _a2782-4586 100 ## _a20260331b2026####ek#y0rusy0150####ca 102 ## _aRU 200 1# _aАнализ текущего состояния и направления совершенствования системы здравоохранения в Республике Северная Осетия – Алания _eЖурнальная статья 210 1# _aМосква _cУниверситет ИТБО _d2026 215 ## _a5 с. 608 ## _aЖурнальная статья _2local 675 ## _aЭкономические науки в целом. Политическая экономия. 330 _z 700 #1 _aКантемирова _gМира Аслангериевна 700 #1 _aХадарцев _gАслан Черменович 700 #1 _aАйсханов _gИслам Султанович 856 4# _azhpi.ru _u